| 000 | 00882cam a22002774a 4500 | ||
|---|---|---|---|
| 999 |
_c531657 _d531657 |
||
| 001 | 14236477 | ||
| 005 | 20191023103246.0 | ||
| 008 | 060120s2006 enka b 001 0 eng | ||
| 010 | _a 2006002052 | ||
| 020 | _a0419161708 (hbk.) | ||
| 020 | _a9780419161707 (hbk.) | ||
| 020 | _a020330196X (ebk.) | ||
| 020 | _a9780203301968 (ebk.) | ||
| 035 | _a(OCoLC)ocm63164909 | ||
| 040 | _cDLC | ||
| 082 | 0 | 0 |
_a624.15136 _bJEF |
| 100 | 1 |
_aJefferies, Mike, _d1952- _924575 |
|
| 245 | 1 | 0 |
_aSoil liquefaction : _ba critical state approach / _cMike Jefferies & Ken Been. |
| 260 |
_aLondon ; _aNew York : _bTaylor & Francis, _c2006. |
||
| 300 |
_axxxi, 479 p. : _bill. ; _c26 cm. |
||
| 504 | _aIncludes bibliographical references (p. [459]-475) and index. | ||
| 650 | 0 |
_aSoil mechanics. _9558 |
|
| 650 | 0 |
_aSoil liquefaction. _924576 |
|
| 700 | 1 |
_aBeen, Ken. _924577 |
|
| 942 |
_2ddc _cBK |
||